| 000 | 03754nam a22003137a 4500 | ||
|---|---|---|---|
| 001 | 8916 | ||
| 003 | FISKH | ||
| 005 | 20251031122617.0 | ||
| 008 | 251031b cb ||||| |||| 00| 0 eng d | ||
| 020 | _a9789996301186 | ||
| 040 |
_aFISKH _bkhr _cFISKH _dFISKH |
||
| 050 | _aPZ7 | ||
| 082 | _a398.2 | ||
| 100 | _aSotheary, Kimsun | ||
| 245 |
_aដើមកំនើតសត្វផ្សោត : _bThe origin of the dolphin / _cរៀបរៀងដោយ អ្នកស្រី គឹមស៊ុន សុធារី , ត្រួតពិនិត្យអក្ខរាវិរុទ្ធ លោក វ៉ាន់ សុភ័ក្រ្ត , អ្នកនាង វ៉ាត ចរិយា ,កញ្ញា វុិច វឌ្ឍនានិង កញ្ញា ហម លីមឆេង |
||
| 260 |
_aPhnom Penh : _bReading Books , _c2007. |
||
| 300 |
_a24 pages : _bcolor illustrations ; _c25 cm . |
||
| 490 | _aពិភពរឿងនិទាន | ||
| 505 | _aM | ||
| 520 | _aមានកូនស្រីក្រមុំអ្នកស្រុកម្នាក់គឺជាប្រពន្ធរបស់រុក្ខទេវតាកាលពីជាតិមុន ។ ជារៀងរាល់យប់រុក្ខទេវតាបានក្រឡាខ្លួនជាពស់ថ្លាន់មកជួបប្រពន្ធ ។ លុះពេលរាត្រីស្ងាត់ រុក្ខទេវតាក៏និមិត្តរូបជាទេវតាមកជួបនាង ។ ពេលទៀបភ្លឺប្តីប្រាប់ប្រពន្ធអោយនាំឪពុកម្តាយទៅជីកកំណប់ក្នុងដំបូកមួយ ។ យូរៗទៅដំណឹងនេះក៏លេចលឺដល់អ្នកស្រុក ហើយក៏មានក្រុមគ្រួសារមួយបានរកពស់ថ្លាន់អោយមករៀបការនឹងកូនស្រីខ្លួន ។ ពេលយប់មកដល់ពស់ថ្លាន់នោះក៏ចាប់ផ្តើមលេបនាងក្រមុំនោះ ។ ឪពុកបានវះពោះពស់ថ្លាន់ដើម្បីយកកូនក្រមុំ ។ នាងក្រមុំខ្មាសគេជាខ្លាំងក៏យកផ្តិលដាក់លើក្បាល ទៅលោតទឹកនៅក្នុងទន្ល ហើយក៏បានក្លាយជាផ្សោតញីមួយក្បាល ។ | ||
| 520 | _aA village girl was, in a past life, the wife of a tree deity. Every night, the tree deity would transform into a giant serpent and visit his wife. During the quiet nights, the deity also appeared in his divine form to meet her. One morning, the deity instructed his wife to take her parents to a secret burial place in a secluded mound. Over time, this news spread throughout the village. One family even caught the serpent and tried to arrange a marriage between the serpent and their daughter. That night, the giant serpent attempted to swallow the girl. Her father bravely cut open the serpent’s belly to rescue his daughter. The girl, terrified, placed a magical crown on her head and leapt into the river. There, she transformed into an owl. | ||
| 521 | 8 |
_a550
_bLexile estimate |
|
| 521 | 8 |
_aM
_bRaz-Plus |
|
| 650 |
_aដើមកំនើតសត្វផ្សោត _vរឿងនិទានកុមារ |
||
| 650 |
_aThe origin of the dolphin _vChildren's Stories |
||
| 700 |
_aSan , Thai _eIllustrator |
||
| 942 |
_2ddc _cKHB _n0 |
||
| 999 |
_c8916 _d8916 |
||